000 00522nam a2200181Ia 4500
008 090124s9999 xx 000 0 und d
082 _b31681
100 _aकाऴे वैज़यंती
245 _a आपलं घर
250 _a1
260 _bदिलीप प्रकाशन
_c1988
300 _a200
600 _aकाऴे वैज़यंती
630 _a आपलं घर
700 _aकाऴे वैज़यंती
730 _a आपलं घर
942 _cBOOK
999 _c97766
_d97766